Podnikateľská prosperita a cenová stratégia
Výška cien, ich úroveň a stabilita. Pohľady na výsledky podnikateľskej činnosti to predovšetkým na časovú oblasť, teritoriálnu oblasť a oblasť sociálnej zodpovednosti. Ceny ako súčasť stratégie firmy, riziká a skúsenosti cenovej stratégie.
Na minha lista:
| Autor principal: | |
|---|---|
| Formato: | Capítulo de Livro |
| Idioma: | eslovaco |
| Assuntos: | |
| Tags: |
Sem tags, seja o primeiro a adicionar uma tag!
|
MARC
| LEADER | 00000nla$a2200000$$$4500 | ||
|---|---|---|---|
| 001 | 0076142 | ||
| 005 | 20221207083454.4 | ||
| 041 | 0 | |a slo | |
| 044 | |a SK | ||
| 245 | 1 | 0 | |a Podnikateľská prosperita a cenová stratégia |c Michal Ľach |
| 520 | |a Výška cien, ich úroveň a stabilita. Pohľady na výsledky podnikateľskej činnosti to predovšetkým na časovú oblasť, teritoriálnu oblasť a oblasť sociálnej zodpovednosti. Ceny ako súčasť stratégie firmy, riziká a skúsenosti cenovej stratégie. | ||
| 610 | 2 | 0 | |a ceny |
| 610 | 2 | 0 | |a stabilita cien |
| 610 | 2 | 0 | |a stratégia podniková |
| 610 | 2 | 0 | |a manažment |
| 610 | 2 | 0 | |a firmy |
| 100 | 1 | |a Ľach, Michal | |